00493nam a2200121Ia 4500008004100000082001400041100001000055245007600065260007200141365000600213630007600219730007600295100415s9999 xx 000 0 und d b6473a500 aP.N.I aProceeding Of The National Institide Of Science Of Inia Vol .22, Pt.B`` aNEW DELHIc1956bProceeding Of The National Institide Of Science Of b0 aProceeding Of The National Institide Of Science Of Inia Vol .22, Pt.B`` aProceeding Of The National Institide Of Science Of Inia Vol .22, Pt.B``